header

The English curriculum in schools (Record no. 26332)

MARC details
000 -LEADER
fixed length control field 01334nam a2200361 a 4500
100 1# - MAIN ENTRY--AUTHOR NAME
Personal name Poulson, Louise.
245 14 - TITLE STATEMENT
Title The English curriculum in schools
260 ## - PUBLICATION, DISTRIBUTION, ETC. (IMPRINT)
Place of publication London ;
-- New York :
Name of publisher Cassell,
Year of publication c1998.
300 ## - PHYSICAL DESCRIPTION
Number of Pages 151 p.
490 1# - SERIES STATEMENT
Series statement Education matters
650 #0 - SUBJECT ADDED ENTRY--TOPICAL TERM
Topical Term English language
Topical Term Education
856 40 - ELECTRONIC LOCATION AND ACCESS
Uniform Resource Identifier http://site.ebrary.com/lib/rucke/Doc?id=10224651

No items available.

© 2026 Rongo University
Contact us: librarian | system librarian | Rongo university